Hồ chí Minh - Danh nhân văn hóa

Guardado en:
Detalles Bibliográficos
Autor principal: Đào Phan
Formato: Libro
Lenguaje:Undetermined
Publicado: Hà Nội VHTT 1998
Materias:
Etiquetas: Agregar Etiqueta
Sin Etiquetas, Sea el primero en etiquetar este registro!
Thư viện lưu trữ: Trung tâm Học liệu Trường Đại học Cần Thơ
LEADER 00541nam a2200193Ia 4500
001 CTU_22569
008 210402s9999 xx 000 0 und d
020 |b 30,000đ 
082 |a 809 
082 |b Đ108 
100 |a Đào Phan 
245 0 |a Hồ chí Minh - Danh nhân văn hóa 
245 0 |c Đào Phan 
260 |a Hà Nội 
260 |b VHTT 
260 |c 1998 
650 |a ho chi minh,vietnamese literature - history and criticism 
904 |i Minh, 980516 
980 |a Trung tâm Học liệu Trường Đại học Cần Thơ